000 00464nam a2200181Ia 4500
001 22251
005 20260414150819.0
008 260414t2013||||xx |||||||||||||| ||spa||
041 _aESP
082 _a621.3
_bF39
100 _aFernández, Juan Carlos
_eAUT
245 0 _aIngeniería electromagnética :
_bI - modelos en baja frecuencia
260 _c2013
300 _a690 páginas :
_c28 cm.
650 _aTCA
654 _aCET
942 _cLIB
_dJUS
_fJUS
_2ddc
_n
999 _c22251
_d22251